| 000 | 00846cab a2200289 4500 | ||
|---|---|---|---|
| 001 | WB3245-12 | ||
| 008 | 090401t1996 xxu||||| |||| 00| 0 eng d | ||
| 035 | _a(Sirsi) u60273 | ||
| 041 | _aeng | ||
| 245 | _aBudget 1996 | ||
| 260 | _c1996 | ||
| 300 | _aLOAN | ||
| 350 | _a0 | ||
| 490 |
_aFinancial Times _v27 March 1996, (32) |
||
| 520 | _aA special budget report featuring news, analysis and comment on the 1996 Budget including the Chancellor of the Exchequer`s speech. RICS comments. | ||
| 650 | _aBUDGET 1996 | ||
| 650 | _aCAPITAL GAINS TAX | ||
| 650 | _aCAPITAL SPENDING | ||
| 650 | _aHOUSING MARKET | ||
| 650 |
_aInfrastructure _96246 |
||
| 650 | _aINHERITANCE TAX | ||
| 650 | _aPROFIT RELATED PAY | ||
| 650 | _aROADBUILDING | ||
| 690 | _aPROPERTY-PROPERTY FINANCE AND INVESTMENT | ||
| 942 | _n0 | ||
| 948 | _c04/03/1997 | ||
| 999 |
_c37139 _d37139 |
||